[Event "Biel 53rd"]
[Site "Biel"]
[Date "2020.07.27"]
[Round "5"]
[White "Anton Guijarro, David"]
[Black "Adams, Michael"]
[Result "1-0"]
[WhiteElo "2703"]
[BlackElo "2701"]
[Annotator "Anton Guijarro,David"]
[PlyCount "107"]
[EventDate "2020.07.21"]
[EventType "tourn"]
[EventRounds "7"]
[EventCountry "SUI"]
[EventCategory "17"]
[SourceTitle "CBM 197"]
[Source "ChessBase"]
[SourceDate "2020.07.27"]
[SourceVersion "1"]
[SourceVersionDate "2020.07.27"]
[SourceQuality "1"]

{[%evp 0,107,58,-14,-19,-31,-19,-46,-34,-62,-48,-97,-19,-26,23,-24,18,-59,-28,
-14,-5,-29,17,-22,2,14,17,12,16,-6,31,30,28,8,28,20,35,6,16,-34,-25,-20,18,-10,
10,7,10,28,70,33,78,80,74,47,67,47,47,53,69,81,104,57,57,75,80,74,105,116,133,
59,36,60,91,66,88,88,102,102,111,111,111,102,179,72,72,72,71,76,76,68,170,153,
282,195,318,265,269,221,253,358,358,265,347,347,764,29988,29989,29990,29991,
29992]} 1. c4 {At this moment I was not having a good tournament (it ended
even worse to me, I lost the last two rounds after this game) so I really
needed a victory.} Nf6 2. Nf3 e6 3. g3 d5 4. Bg2 dxc4 {As usual Adams goes for
one of the most solid lines.} 5. Qa4+ Bd7 {5... c6 or 5...Nbd7 are the other
main lines. Lately all these 3 moves have been equally popular.} 6. Qxc4 c5 7.
Ne5 Qc8 8. Qd3 $5 {This move was introduced two years ago and forces Black to
take on d7 with the knight.} (8. O-O Nc6 9. Nxd7 Qxd7 10. b3 {With a similar
position as in the game, but Black gets the "ideal formation" earlier.}) 8...
Nc6 9. Nxd7 Nxd7 10. b3 Be7 (10... Nb4 11. Qc4 b5 12. Qe4 Rb8 13. Nc3 {with
the idea of Qb1 and White keeps everything under control.}) 11. Bb2 O-O 12. O-O
Rd8 13. Nc3 Nf6 14. Qc2 Nb4 15. Qc1 Qd7 16. Rd1 Rac8 17. d3 {Until here we
were following my game against Karjakin. The novelty by Adams doesn't change
the position.} h6 $146 (17... b6 18. Qd2 Nbd5 19. Ne4 h6 20. e3 Qb5 21. Bf1 Qe8
22. Qe2 Rd7 23. a3 {with a slight advantage for White, ending in a draw in 38
moves. ½-½ (38) Anton Guijarro,D (2674)-Karjakin,S (2760) Douglas 2019}) 18.
Rb1 $5 (18. a3 Nc6 19. e3 $6 Nd4 $1 {It was important to see this line. White
would be in trouble here.}) 18... b6 19. a3 Nc6 20. e3 {Here Black got the
"ideal formation", all pieces seems to be in the right squares. The problem is
that White can slowly improve the position.} Nd5 21. Ne4 $1 {I think the
position is much more interesting with knights and gives more practical
winning chances.} Qc7 22. Qc2 Qb8 23. Qe2 {This is the best square for the
queen. Black can only wait.} Ne5 24. Rbc1 $6 {It is not clear why the rook is
better placed on c1.} (24. f4 $1 Nd7 25. Rf1 (25. g4 $16)) 24... Nd7 25. f4 {
I was not completely sure about this, which is why I didn't play it in the
previous move. Now I have a weakness on e3 but if I wanted to win I had to go
for it.} a5 (25... b5 {was probably a better idea.}) 26. g4 {The logical idea
after f4. The black queen is far from the kingside so it is easier to attack
there.} N5f6 {During the game I calculated (wrongly) some fun lines as this
one:} (26... e5 $6 27. g5 $2 (27. Ng3 $1 $18) 27... exf4 28. gxh6 g6 (28... Rc6
$1 $11 {I totally missed this move}) 29. Rf1 $1 Nxe3 30. Qxe3 $1 fxe3 31. h7+
Kxh7 32. Rxf7+ {and White should win.}) 27. Nd2 Nd5 28. Ne4 N5f6 29. Nc3 b5 {
I thought that allowing g5 couldn't be good for Black but the computer says
Adams' move is the best idea.} (29... Ne8 $5) 30. g5 hxg5 31. fxg5 Nh7 32. h4
Ne5 $2 {This seems to be the mistake according to the computer but I think it
was already difficult to play with Black. 32...f6 and 32...c4 are the best
alternatives but it is very difficult to understand why.} 33. Ne4 $1 c4 34.
Bxe5 Qxe5 (34... cxd3 $2 35. Qb2 {protecting the bishop}) 35. d4 Qc7 36. a4 {
Now the black position is falling apart} f5 37. gxf6 Nxf6 38. Nxf6+ Bxf6 39.
axb5 c3 40. Qg4 Qd6 41. Bf1 $6 (41. Bc6 $1 {was the simplest way to win.})
41... c2 42. Rd2 Rc3 (42... a4 $1 {This was a very good practical resource
that we both missed.} 43. bxa4 Rc3 44. Bd3 $4 (44. Qh3 $1 $18) 44... Qa3 $11)
43. Bd3 Rxb3 (43... a4 44. Rcxc2) 44. Rcxc2 {The rest is easy.} Kf8 45. Rd1 Qb4
(45... Qa3 46. Rf1 Rxd3 47. Rc7) 46. Rc7 Rc3 47. b6 Rxc7 48. bxc7 Rc8 49. Qxe6
Rxc7 50. Rb1 Re7 51. Qc6 Qd2 52. Rb8+ Kf7 53. Qd5+ Re6 54. Qh5+ 1-0

[Event "Veliko Gradiste Silver Lake op"]
[Site "Veliko Gradiste"]
[Date "2018.06.19"]
[Round "4"]
[White "Atalik, Suat"]
[Black "Ozen, Bahadir"]
[Result "1/2-1/2"]
[WhiteElo "2512"]
[BlackElo "2316"]
[Annotator "Atalik,S"]
[PlyCount "80"]
[EventDate "2018.06.17"]
[EventType "swiss"]
[EventRounds "9"]
[EventCountry "SRB"]
[SourceTitle "CBM 186"]
[Source "ChessBase"]
[SourceDate "2018.09.14"]
[SourceVersion "1"]
[SourceVersionDate "2018.09.14"]
[SourceQuality "1"]

1. d4 g6 2. c4 Bg7 3. Nf3 e6 $5 4. g3 Ne7 5. Bg2 O-O 6. O-O d5 7. Na3 $5 (7.
Qc2 Nbc6 8. Rd1 b6 9. b3 $14) 7... Nbc6 8. Bf4 $1 $146 (8. e3 b6 9. Bd2 a5 10.
Qb3 Ba6 $132) 8... a6 $2 (8... Nxd4 $1 9. Nxd4 e5 10. Be3 exd4 11. Bxd4 Bxd4 (
11... dxc4 12. Bc5 $5 (12. Bxg7 Qxd1 13. Rfxd1 Kxg7 14. Nxc4 $14)) 12. Qxd4
dxc4 13. Qc5 Nf5 14. Nxc4 $14) 9. Rc1 h6 10. h4 f6 11. Bd2 $1 g5 12. e3 $14 {
The position is simply more pleasant for White.} Rb8 $2 ({Black ought to
control the h5-square:} 12... Bd7 $142 13. hxg5 fxg5 14. Ne1 Be8 $1) 13. hxg5
fxg5 14. Ne1 Nf5 (14... Qe8 15. Nd3 h5 16. Nb4 $16) 15. Nd3 Kh8 (15... Nce7 16.
Qc2) 16. Qh5 Qd6 17. Qh2 $5 (17. Qh1 Rd8 (17... b6 18. cxd5 exd5 19. Bxd5 Ncxd4
$1 20. exd4 Nxg3 21. fxg3 Qxg3+ 22. Qg2 Rxf1+ 23. Rxf1 Qxd3 24. Rf2 (24. Bc3
Bh3) 24... Bxd4 25. Bc3 Qd1+ 26. Qf1 Qxf1+ 27. Kxf1 Bh3+ 28. Kg1 Bxc3 29. bxc3
$14)) (17. Bc3 b5) 17... Rd8 18. Bc3 $6 (18. g4 Qxh2+ 19. Kxh2 Nh4 20. Bh1 e5
$5) (18. f4 $1 $18 {with total domination.}) 18... Qe7 19. Rce1 $2 (19. Qh1 Qf7
(19... b5 20. cxd5 exd5 21. Bd2 $16) 20. Bf3 $16) 19... b5 $1 $132 20. cxd5
exd5 21. b4 (21. Nc2 b4 22. Bd2 a5 (22... b3 $2 23. axb3 Rxb3 24. Bc3) 23. Nc5
Rb5) 21... Nd6 $5 (21... a5 22. Nc2) 22. Bxd5 Ne4 23. Bxc6 (23. Ne5 Nxe5 24.
Bxe4 Ng4 25. Qg2 $16) (23. Bxe4 Qxe4 24. Nc5 Qg6 25. f3 $16) 23... Nxc3 24. f4
(24. Nb1 Nxa2 (24... Bf5 $2 25. e4) 25. Ne5 Bf5 $13) 24... Rb6 $2 (24... gxf4
25. Ne5 Bxe5 (25... Qe6 26. exf4) 26. dxe5 Qe6 27. Bg2 fxg3 28. Qh4 $18) 25.
Bf3 $2 {A huge lapse!} (25. Ne5 $1 Bxe5 (25... Qe6 26. f5) (25... Kg8 26. Bf3)
(25... Bf5 26. g4 Bh7 27. Bf3 $16) 26. Qxh6+ Qh7 27. Qxg5 $1 Rg8 28. Qxe5+)
25... gxf4 26. exf4 $1 ({White rightfully rejects} 26. gxf4 $2 Bf5 27. Ne5 Bxe5
28. fxe5 Bd3 29. Rf2 Rf8 $40) (26. Nxf4 Bf5 $132) 26... Bxd4+ 27. Kh1 Qg7 28.
Ne5 $2 {One mistake follows the other.} (28. Nc2 Bf6 29. Qh5 (29. Nc5 Nxa2 30.
Qh5 Nc3 31. g4 Be7 32. Ne3 $44)) 28... Rg8 (28... Bxe5 29. Rxe5 Rg6 30. Rfe1
Bd7 31. Rg1 $11) 29. Nc2 $2 (29. Nc6 $1 Bf6 30. Nb1 Nxb1 31. Rxb1 Bb7 32. Rbc1
Qg6 33. Rfe1 Bg7 34. Ne5 Bxe5 35. Bxb7 Bxf4 36. gxf4 Rxb7 37. f5 $11) 29...
Bxe5 30. Rxe5 (30. fxe5 Rg6 (30... Qxg3 31. Nd4) 31. Nd4 Rxg3 32. e6 $132)
30... Qxg3 31. Qxg3 Rxg3 32. Re8+ Rg8 33. Rfe1 (33. Re3 Na4 (33... Nxa2 34. Ra1
) 34. Re7) 33... Bd7 34. R8e3 (34. Rxg8+ Kxg8 35. Re3 Na4 $19) 34... Na4 35.
Re7 Rd6 36. Ne3 $2 $138 (36. Rf7 Rg7 (36... Be6 37. Rxc7 Rf8 38. Nd4 Bg8 39.
Re4 Bxa2 40. Nf5) 37. Rf8+ Rg8 38. Rf7 $11) 36... Rg7 $2 {Losing all his
advantage.} (36... Rg3 37. Be4 Rh3+ (37... Nc3 38. Nf5) 38. Kg1 Nc3 39. Bf5
Bxf5 40. Re8+ Kh7 41. Nxf5 $44) (36... Nc3 37. Rc1 Rd3 38. Rxd7 Rxe3 $17) (
36... Nb6 $17) 37. Rxg7 Kxg7 38. Rc1 c6 39. Bg4 $1 $11 Bxg4 40. Nxg4 Rd4 (40...
Nb2 41. Ne5 Nd3 42. Nxd3 Rxd3 43. Rxc6 Ra3 44. Kg2 Rxa2+ 45. Kg3 $11) (40...
Rd4 41. Rxc6 Rxf4 42. Ne5 Rxb4 43. Rg6+ Kh7 44. Rxa6 Rb1+ 45. Kg2 Rb2+ 46. Kg3
Rxa2 47. Ra7+ Kg8 48. Ng4 $11) 1/2-1/2

[Event "Subasic Memorial 4th"]
[Site "Zenica"]
[Date "2005.11.20"]
[Round "2"]
[White "Saric, Ibro"]
[Black "Atalik, Suat"]
[Result "1/2-1/2"]
[WhiteElo "2441"]
[BlackElo "2620"]
[Annotator "Atalik,S"]
[PlyCount "72"]
[EventDate "2005.11.19"]
[EventType "tourn"]
[EventRounds "9"]
[EventCountry "BIH"]
[EventCategory "7"]
[SourceTitle "CBM 109 Extra"]
[Source "ChessBase"]
[SourceDate "2006.01.03"]
[SourceVersion "2"]
[SourceVersionDate "2006.01.03"]
[SourceQuality "1"]

1. Nf3 Nf6 2. c4 e6 3. g3 d5 4. Bg2 dxc4 5. Qa4+ Nbd7 6. Qxc4 c5 7. O-O a6 $5 {
It is always a choice between this} ({and} 7... b6 8. Nd4 Ne5 9. Nc6 Nxc4 10.
Nxd8 Nd5 11. Nc3 Kxd8 12. Nxd5 Bb7 $11) 8. Qc2 Ra7 $5 9. b3 $6 {Timid play.} (
9. d4 b6 10. Be3 Bb7 $132) 9... b6 10. Bb2 Bb7 11. d3 Be7 12. Nbd2 O-O 13. Nc4
b5 14. Nce5 Nxe5 15. Nxe5 Bxg2 16. Kxg2 Nd7 17. Nf3 $6 {Exchange was better.} (
17. Nc6 $2 Qa8) (17. Nxd7 Qxd7 $11) 17... Qb6 18. Rac1 Rc8 19. Qb1 Rac7 $17 {
Now black has everything in order and has to build up his center to increase
his advantage.} 20. Qa1 f6 21. Rc2 e5 22. a4 Qe6 23. Nd2 Nb6 (23... f5 $5 {
is not my type of move.}) 24. Kg1 Nd5 25. Ba3 Qg4 26. Qd1 bxa4 $2 {A really
stupid mistake,I had some illusions of playing for his rook on the 4th rank.} (
26... c4 $1 {was my original intention.} 27. Bxe7 cxd3 28. Rxc7 Rxc7 29. exd3 (
29. Nf3 $2 {Believe or not I failed to see a good continuation after this.} e4
$1 30. Bd6 Nc3 $19) 29... Qxd1 30. Rxd1 Nxe7 $1 (30... Rxe7 31. Ne4 Rd7 32.
axb5 axb5 33. Rc1 Kf7 34. Rc5 b4 35. Rc4 $11) 31. axb5 axb5 32. d4 exd4 33. Nf3
Nf5 34. g4 Rc3 35. Kg2 Ne7 36. Nxd4 b4 $17) 27. Rc4 Qd7 28. bxa4 Nb6 29. Re4
Qe6 30. Nc4 Nd7 31. g4 $1 Nf8 32. Nd2 Qa2 33. Nc4 Rb8 34. g5 $1 fxg5 35. Rxe5
Ng6 36. Re4 $16 Qb3 {I have offered a draw and he acepted.However naturally
black is worse.} (36... Rcb7 37. Qd2 $16 (37. Qa1 $16)) 1/2-1/2

[Event "SRB Central-ch op-A 8th"]
[Site "Paracin"]
[Date "2015.07.04"]
[Round "3"]
[White "Atalik, Suat"]
[Black "Nestorovic, Dejan"]
[Result "1-0"]
[WhiteElo "2564"]
[BlackElo "2408"]
[Annotator "Atalik,S"]
[PlyCount "139"]
[EventDate "2015.07.03"]
[EventType "swiss"]
[EventRounds "9"]
[EventCountry "SRB"]
[SourceTitle "EXT 2016"]
[Source "ChessBase"]
[SourceDate "2015.10.08"]
[SourceVersion "1"]
[SourceVersionDate "2015.10.08"]
[SourceQuality "1"]

1. Nf3 Nf6 2. c4 e6 3. g3 d5 4. Bg2 a6 $5 5. b3 Bd6 (5... d4 6. O-O c5 7. e3
Nc6 8. exd4 cxd4 {Two extra tempi sounds too much in a reverse Benoni but
experience has shown that the idea is playable against 'The Son of Sorrows'.})
6. O-O O-O 7. d4 c6 $6 {Here the set up looks anti-positional.} ({I was
expecting} 7... b6 8. Nc3 Bb7 9. cxd5 exd5 10. Bb2 Nbd7 $13) 8. Bb2 Nbd7 9.
Nbd2 b5 10. Qc2 Bb7 11. e4 Bb4 12. e5 Ne8 13. c5 f5 14. Ne1 a5 15. Nd3 Bxd2 16.
Qxd2 Nc7 (16... b4 $2 17. a3 $1) 17. a3 Ra7 18. h4 Qe7 19. Nf4 Rfa8 20. f3 Nf8
21. Qf2 $16 Qf7 (21... Ng6 22. Nxg6 hxg6 23. Bc1 $16) 22. h5 Ba6 (22... g5 23.
hxg6 Nxg6 24. Bc1 $16) 23. b4 $5 Bc8 24. g4 axb4 25. axb4 Ra4 $1 {Black has to
annoy White on the open file.} (25... Rxa1 26. Bxa1 $1) 26. Bc3 Qe7 27. Nd3 Bd7
28. Rad1 h6 29. gxf5 exf5 30. f4 Ra2 31. Bb2 Be8 32. Bf3 Kh7 33. Rd2 Nce6 34.
Bd1 g6 35. Nc1 R2a7 36. Qh2 gxh5 37. Bc2 $1 (37. Bxh5 $2 Bxh5 38. Qxh5 Ng6 $13
{and Black has no worries.}) 37... Ng7 38. Qh3 Bg6 39. Rh2 Kh8 40. Nd3 Nfe6 41.
Ne1 Bh7 42. Ng2 Ra2 43. Qb3 Qf7 44. Bb1 R2a4 45. Qc3 $1 Rg8 46. Bc2 Ra7 47. Qf3
Ra2 48. Qb3 Ra7 49. Bd1 Ra4 50. Qc3 Ra2 51. Kh1 Rga8 52. Bb3 R2a7 53. Qf3 {
After regrouping White is ready to attack.} Ra6 54. Ne3 Rd8 $1 {At first Dejan
correctly prevented the sacrifice on d5.} 55. Rd1 Nc7 56. Qh3 Nce6 57. Qh4 Rf8
$2 $138 {In mutual time trouble Dejan forgets about the pending sacrifice on
d5.} (57... Ra7 58. Rg1 Rdd7 59. Ng2 Rd8 60. Ne1 Rdd7 61. Nd3 Rd8 62. Qf6 {
is White's idea.}) 58. Rg2 $2 {Too much preparation for the obvious idea.} (58.
Nxd5 Nc7 (58... cxd5 59. Bxd5) 59. e6 $1) 58... Ra7 59. Nxd5 Nc7 (59... cxd5
60. Bxd5 $18) 60. Rxg7 {That is why I did not immediately take on d5.} (60. e6
Qxe6 61. Re1 Nxd5 62. Rxe6 Nxe6 63. Bxd5 cxd5 64. Qe1 $18 {should have also
won easily.}) 60... Qxg7 (60... Kxg7 61. Qf6+ Qxf6 62. exf6+ Kh8 63. Ne7 $18)
61. Nf6 $2 {Another unnecessary downshift in the attack.} (61. Nxc7 Rxc7 62. d5
Rg8 63. Qh2 Qg4 64. e6+ $18 {wins easily.}) 61... Nd5 $1 62. Nxd5 cxd5 63. Bxd5
Rd7 $2 ({I was rightly afraid of} 63... Qg4 $3 64. Qxg4 fxg4 $1 65. e6 $40 {
4 passers should prevail against two but White has to sweat!}) 64. Bb3 Rg8 65.
Bxg8 $6 (65. Qf6 $1 {wins on the spot.}) 65... Bxg8 66. Rg1 Bd5+ 67. Kh2 Qf7
68. c6 $1 Rc7 $2 {Blundering into a checkmate.} (68... Re7 69. Qf6+ (69. Kh3
Kh7 70. Qf6) 69... Qxf6 70. exf6 Re2+ 71. Kh3 Rxb2 72. c7 Rc2 73. Rg7 Bb7 74.
Re7 Kg8 75. d5 $1 Bxd5 76. Re8+ Kf7 77. c8=Q Rxc8 78. Rxc8 Kxf6 79. Rc5 Bc4 80.
Kh4 $18 {with atechnical win.}) 69. Qd8+ Kh7 70. e6 (70. e6 Qe7 71. Qg8#) 1-0

[Event "Corus-B"]
[Site "Wijk aan Zee"]
[Date "2004.01.18"]
[Round "7"]
[White "Stefanova, Antoaneta"]
[Black "Bruzon Batista, Lazaro"]
[Result "1-0"]
[WhiteElo "2478"]
[BlackElo "2603"]
[Annotator "Atlas,V"]
[PlyCount "80"]
[EventDate "2004.01.10"]
[EventType "tourn"]
[EventRounds "13"]
[EventCountry "NED"]
[EventCategory "13"]
[SourceTitle "CBM 099"]
[Source "ChessBase"]
[SourceDate "2004.03.30"]
[SourceVersion "1"]
[SourceVersionDate "2004.03.30"]
[SourceQuality "1"]

1. c4 e6 2. g3 Nf6 3. Bg2 d5 4. Nf3 dxc4 5. O-O Nbd7 6. Na3 Bxa3 7. bxa3 Nb6 8.
a4 Bd7 9. a5 Ba4 10. Qe1 Nbd7 11. Rb1 c5 12. Rxb7 Bc6 13. Rb1 Be4 14. Ra1 Rb8
15. Ba3 Qxa5 16. Qc1 Qb5 17. Nh4 O-O 18. Bxe4 Nxe4 19. Qc2 f5 20. f3 Nd6 21.
Ng2 Rb6 22. Nf4 Re8 23. e4 fxe4 24. fxe4 Qc6 25. Rae1 Nb5 26. Bc1 Ne5 27. Qd1
g6 (27... Qd6 {was an appealing option here.}) 28. Nh5 Rd8 (28... gxh5 {
was winning as well:} 29. Qxh5 Ng6 30. Rf7 Kxf7 31. Qxh7+ Kf6) 29. Nf6+ Kh8 30.
Ng4 Nd3 (30... Qd6 {was to be preferred.}) 31. Nh6 Re8 32. Re3 e5 33. Qg4 Qe6
34. Qg5 Nd6 35. Ref3 Nxe4 (35... Nxc1 {deserved serious attention here.}) 36.
Qh4 Nd6 $2 ({Essential was} 36... g5) 37. Nf7+ Kg8 38. Ng5 Qe7 {[%tqu "En",
"How to conclude White's attack?","Exploit weakness of Black's h7-position.",
"Use your rook for the decisive strike.","f3f7","This is a nice touch.",4]} 39.
Rf7 $1 {[%csl Re7,Gf7,Gg5,Rg8,Gh4,Rh7][%cal Gh4h7] The efficient thrust of the
white rook causes huge material losses for Black.} Qxf7 (39... Nxf7 {leads to
mate in two:} 40. Qxh7+ Kf8 41. Qh8#) 40. Rxf7 h5 ({Or} 40... Nxf7 41. Qxh7+
Kf8 42. Qxf7#) (40... h5 {, and Black resigned, as after} 41. Rf6 Kg7 42. Ne6+
{his position is absolutely hopeless.}) 1-0